Musique par lettre - N - Statistiques

Statistiques générales
  • Ce quiz a été pris 2 818 fois
  • Le résultat moyen est 8 sur 15
Statistiques - réponses
Questions Réponses % Correct
Groupe de grunge américain, leur album "Nervermind" est l'un des plus vendus au monde, sur la pochette on peut voir un bébé dans l'eau essayant d'attraper un billet d'un dollar Nirvana
94%
Chanteur français, également tennisman, ayant remporté le tournoi de Roland-Garros en 1983 Yannick Noah
90%
Nom de la ville mentionnée dans les chansons : "The Rising" de Bruce Springsteen, "Walk on the Wild Side" de Lou Reed, "Empire State of Mind" de Jay-Z et Alicia Keys New York City
88%
Rappeur français, auteur-interprète de "On verra", "Reuf", "Tricheur"... Nekfeu
82%
Concours de chant télévisuel, Julien Doré et Christophe Willem ont été des vainqueurs de cette émission Nouvelle Star
80%
Titre d'une chanson célèbre de Jacques Brel, sur une rupture amoureuse Ne me quitte pas
65%
Titre d'une chanson interprétée par Édith Piaf, sortie en 1960, dans laquelle elle se remémore son passé, de ses chagrins, de ses amours... Non, Je ne regrette rien
60%
Nom d'une ville américaine, considérée comme le cœur symbolique de la musique country, Elvis Presley y a notamment enregistré quelques chansons Nashville
53%
Titre de la chanson à succès de Rick Astley Never gonna give you up
53%
Chanteuse allemande, connue pour sa chanson "99 Luftballons" Nena
46%
Groupe de rock américain, dont la chanteuse principale est Gwen Stefani No Doubt
33%
Boys Band américain, des années 90, dont faisait partie Justin Timberlake NSYNC
24%
Titre d'une chanson les plus populaires du groupe américain TLC, sortie en 1999, sur l'album FanMail No Scrubs
20%
Titre d'une chanson d'Ed Sheeran, sortie en 2017, cette chanson raconte l'histoire de ses grands parents Nancy Mulligan
9%
Film biographique sur la jeunesse de John Lennon, dont le titre est inspiré d'une des chansons des Beatles de l'album "Rubber Soul" Nowhere Boy
5%
Aucun quiz correspondant
Distribution des résultats
% des personnes avec chaque résultat
Percentile par nombre de réponses
Votre historique - résultats
Vous n’avez pas pris ce quiz